000 00325nam a22001337a 4500
008 241130b |||||||| |||| 00| 0 eng d
022 _a9772456491008
041 _aEng
245 _aEntrepreneur
260 _aDelhi
_bFranchise India Holdings Ltd
_c2024
300 _a82;. P.
856 _uwww.entrepreneur.com
942 _cSR
999 _c43154
_d43154